El INCEP en los años de fuego /
Guardado en:
| Autor principal: | |
|---|---|
| Formato: | Texto |
| Materias: | |
| Etiquetas: |
Agregar Etiqueta
Sin Etiquetas, Sea el primero en etiquetar este registro!
|
MARC
| LEADER | 00000 a a2200000 04500 | ||
|---|---|---|---|
| 001 | 11481 | ||
| 003 | |||
| 040 | |||
| 100 | |a Aguilera Peralta, Gabriel | ||
| 245 | |a El INCEP en los años de fuego / |c Gabriel Aguilera Peralta | ||
| 650 | |a ANALISIS HISTORICO | ||
| 650 | |a PARTIDOS POLITICOS | ||
| 650 | |a IDEOLOGIAS POLITICAS | ||
| 650 | |a SOCIEDAD | ||
| 650 | |a GUERRA CIVIL | ||
| 650 | |a ORGANIZACIONES REGIONALES | ||
| 650 | |a ACUERDOS DE PAZ | ||
| 650 | |a POLITICA | ||
| 650 | |a ESTADO | ||
| 773 | |g número 3 -4; páginas 29-43 | ||
| 999 | |c 34814 |d 34814 | ||
